| 000 | 00941cam a2200325 a 4500 | ||
|---|---|---|---|
| 001 | 517442 | ||
| 003 | OSt | ||
| 005 | 20140310182718.0 | ||
| 008 | 861010s1987 nyu 000 1 eng | ||
| 010 | _a 86025448 | ||
| 020 | _a0399132724 | ||
| 040 |
_aDLC _cDLC _dDLC _dOCoLC |
||
| 050 | 0 | 0 |
_aPS 3551 _b.An628 1987 |
| 082 | 0 | 0 |
_aM 813.54 _bAn8 1987 |
| 100 | 1 | _aAnthony, Piers. | |
| 245 | 1 | 0 |
_aOut of Phaze _cAnthony, Piers |
| 260 |
_aNew York : _bG. P. Putnam's Sons, _cc1987. |
||
| 300 |
_a288 p. ; _c24 cm. |
||
| 490 | 1 | _aThe Apprentice Adept series | |
| 500 | _a"An Ace/Putnam book." | ||
| 521 | _aCollege Students | ||
| 526 | _c120L-1700L | ||
| 541 | _j1 | ||
| 562 | _e1 | ||
| 650 | 0 |
_aApprentice Adept (Fictitious character) _xFiction. |
|
| 655 | 7 |
_aScience fiction. _2gsafd |
|
| 800 | 1 |
_aAnthony, Piers. _tApprentice Adept series. |
|
| 906 |
_a7 _bcbc _corignew _d1 _eocip _f19 _gy-gencatlg |
||
| 942 |
_2lcc _cBK _kM |
||
| 999 |
_c15303 _d15303 |
||